| 000 | 00538nam a2200181Ia 4500 | ||
|---|---|---|---|
| 005 | 20250508155350.0 | ||
| 008 | 008 250505s9999 xx 000 0 eng d | ||
| 037 | _aTextual | ||
| 040 |
_aFEDL _beng _cFEDL |
||
| 041 |
_aeng _2eng |
||
| 084 |
_a330.54, BHA _qFEDL |
||
| 100 | _aBhattacharyya Dhires | ||
| 245 | 0 | _aUnderstanding India's economy : A course of analysis. Part 1,2 | |
| 260 |
_aCalcutta, India _bProgressive Publishers |
||
| 650 | _aEconomics | ||
| 942 |
_cTEXL _h330.54, BHA |
||
| 999 |
_c1356310 _d1356310 |
||